02881 2200385 4500001002100000005001500021035002000036007000300056008004100059020001800100082001100118084001700129100002600146245012200172250002000294300003800314700003000352700003300382700002500415520176800440600002102208600002202229264004102251336002102292337003002313338002302343990001702366990001602383990001602399990001602415990001602431990001602447990001602463990001602479INLIS00000000000015620260417123527 a0010-0426000155ta260417 e 0 ind  a9786231630360 a152.42 a152.42 NAT p0 aNatta RezaePengarang1 aPercayalah ada harapan untuk kita /cNatta Reza, Wardah Maulina ; penyunting, Intan Faradillah ; ilustrator, drdjulee acetakan pertama a158 halaman :bilustrasi ;c19 cm0 aWardah MaulinaePengarang0 aIntan FaradillahePenyunting0 adrdjuleeeIlustrator aHadiah terindah di hidup kami, ZAKIA. Putri kecil yang sudah lama kami rindukan, bahkan sebelum tubuh mungilnya dapat kami peluk dengan hangat. Air mata kebahagiaan mengalir saat melihat wajahmu untuk pertama kalinya. Hati ini bergetar, “Kami ingin selalu ada untukmu, Nak. Ya Allah, beri kami kesehatan dan kemampuan agar dapat selalu mendampingi buah hati kami.” Buah hatiku, tumbuhlah menjadi perempuan saleha, cerdas seperti Aisyah dan tangguh seperti Khadijah. Ingatlah selalu Allah SWT dalam setiap langkahmu. Ingatlah bahwa orangtuamu ini mencintaimu tanpa batas. Satu pesan dari kami bagi pembaca dan pejuang garis dua, “Percayalah, selalu ada harapan untuk kita. Bahwa Dia akan selalu memberikan yang terbaik bagi hamba-Nya. Teruslah meminta pada-Nya dan berusaha.” Tahun Terbit : Cetakan Pertama, Februari 2024 Pernahkah Anda terpikir betapa menariknya dunia yang terbuka lebar lewat lembaran buku? Membaca bukan hanya kegiatan rutin, tetapi juga petualangan tak terbatas ke dalam imajinasi dan pengetahuan. Membaca mengasah pikiran, membuka wawasan, dan memperkaya kosakata. Ini adalah pintu menuju dunia di luar kita yang tak terbatas. Tetapkan waktu khusus untuk membaca setiap hari. Dari membaca sebelum tidur hingga menyempatkan waktu di pagi hari, kebiasaan membaca dapat dibentuk dengan konsistensi. Pilih buku sesuai minat dan level literasi. Mulailah dengan buku yang sesuai dengan keinginan dan kemampuan membaca. Temukan tempat yang tenang dan nyaman untuk membaca. Lampu yang cukup, kursi yang nyaman, dan sedikit musik pelataran bisa menciptakan pengalaman membaca yang lebih baik. Buat catatan atau jurnal tentang buku yang telah Anda baca. Tuliskan pemikiran, kesan, dan pelajaran yang Anda dapatkan. 4aAktualisasi diri 4aPengembangan diri aJakarta :bTransMedia Pustaka,c2024 2rdacontentateks 2rdamediaatanpa perantara 2rdacarrieravolume aSP000213//25 aPT000381/25 aAP000562/25 aKC000767/25 aPP000899/25 aRC000672/25 aNM001351/25 aTT001568/25